|
|
|
|
| LEADER |
00000nam a22000007a 4500 |
| 003 |
Ucuenca |
| 005 |
20230308224605.0 |
| 008 |
161129b2016 ec ||||| |||| 00| 0 spa d |
| 020 |
|
|
|a 9789978590980
|
| 040 |
|
|
|b spa
|
| 041 |
0 |
|
|a spa
|
| 082 |
0 |
|
|a 335.4
|
| 100 |
1 |
|
|9 184544
|a González Burneo, Vicente
|
| 245 |
|
3 |
|a El paradigma revolucionario Karl Marx y la sociedad sin clases
|c Vicente González Burneo
|h imp
|
| 264 |
|
|
|a Guayaquil
|b Universidad de Guayaquil
|c 2016
|
| 300 |
|
|
|a 222 páginas:
|c 21 cm
|
| 505 |
0 |
|
|a A propósito del marxismo y los procesos de cambio de modos de producción.-- La doctrina después de Marx.-- Reconsiderando la propuesta de Marx.-- La revolución como supuesto previo.-- Las revoluciones y los cambios de los modos de producción.--Primera Revolución burguesa.-- La gran RevoLución Francesa de 1789.-- El manifiesto comunista.-- La globalización descrita en 1848.-- La sociedad sin clases sociales.-- El evento revolucionario.-- Entre la percepción y los deseos.-- El paradigma fallido.-- El proceso de cambio de modos de producción.-- La construcción de la sociedad sin clases.-- Las relaciones de producción participativas, el elemento.-- Metas alcanzables de en la sociedad sin clases.-- La via de construcción de la sociedad no clasista
|
| 650 |
|
0 |
|a Marxismo
|9 7394
|
| 650 |
|
|
|9 23758
|a Paradigma
|
| 942 |
|
|
|c BK
|z margarita.gutiérrez@ucuenca.edu.ec
|
| 999 |
|
|
|c 149525
|d 149525
|